000
00310nam a2200121 a 4500
005
20140414093836.0
008
090122s19uu xx uuu eng d
050
_a
CDR 510
_b
MUL 1997
245
_a
Multimedia math :
_b
Course 2.
650
_a
Mathematics
_x
Interactive videos.
942
_c
AVM
999
_c
109010
_d
109010